An introduction to chaotic dynamical systems
সংরক্ষণ করুন:
| প্রধান লেখক: | |
|---|---|
| বিন্যাস: | গ্রন্থ |
| ভাষা: | ইংরেজি |
| প্রকাশিত: |
New York, USA:
Perseus Books,
1989.
|
| সংস্করন: | Second edition. |
| বিষয়গুলি: | |
| ট্যাগগুলো: |
ট্যাগ যুক্ত করুন
কোনো ট্যাগ নেই, প্রথমজন হিসাবে ট্যাগ করুন!
|
MARC
| LEADER | 00000nam a2200000 a 4500 | ||
|---|---|---|---|
| 001 | UCN5976 | ||
| 003 | CL-VaPUC | ||
| 005 | 20240402142250.0 | ||
| 008 | 010913e19890000us |||||||||||||||||eng|d | ||
| 999 | |c 297075 |d 297073 | ||
| 040 | |c Pontificia Universidad Católica de Valparaíso | ||
| 082 | 0 | 4 | |a 515.352 DEV 1989 |2 21 |
| 100 | 0 | |a Devaney, Robert L |e author |9 461730 | |
| 245 | 1 | 3 | |a An introduction to chaotic dynamical systems |
| 250 | |a Second edition. | ||
| 260 | |a New York, USA: |b Perseus Books, |c 1989. | ||
| 300 | |a 336 páginas. | ||
| 583 | |a last modification |c 20171204 04:42:12 |k Rodrigo Vera | ||
| 650 | 0 | |a Sistemas dinámicos diferenciales |9 263372 | |
| 942 | |c BK |2 ddc | ||
| 945 | |d 20010913 00:00:00 |a vberengu | ||
| 952 | |0 0 |1 0 |2 ddc |4 0 |6 515_352000000000000_DEV_1989 |7 0 |8 A |9 351484 |a BIBMAT |b BIBMAT |d 2019-11-21 |i 374521K |l 21 |m 15 |o 515.352 DEV 1989 |p 374521K |r 2025-01-07 |s 2024-10-22 |w 2019-11-21 |y BK |k MAT | ||